[Event "DVM U12 2017"]
[Site "Magdeburg GER"]
[Date "2017.12.27"]
[Round "1"]
[White "Pikalow, Michael"]
[Black "Weihrauch, Jakob"]
[Result "0-1"]
[Termination "normal"]
[Board "1.1"]
[WhiteElo "1504"]
[BlackElo "2050"]
[WhiteClock "00:44:06"]
[BlackClock "01:04:02"]
[WhiteTeam "USC Magdeburg"]
[BlackTeam "Hamburger SK"]
[PlyCount "48"]
[WhiteFideId "16227638"]
[BlackFideId "16210115"]
[EventCountry "GER"]
[EventRounds "7"]
[EventType "team-swiss"]
[EventDate "2017.12.26"]

1. e4 {[%clk 1:30:57]} c5 {[%clk 1:30:56]} 2. Nf3 {[%clk 1:30:58]} d6 {[%clk
1:31:22]} 3. d4 {[%clk 1:31:18]} cxd4 {[%clk 1:29:48]} 4. Nxd4 {[%clk 1:31:40]}
Nf6 {[%clk 1:30:14]} 5. Nc3 {[%clk 1:32:01]} a6 {[%clk 1:30:29]} 6. Be3 {[%clk
1:32:21]} e6 {[%clk 1:30:32]} 7. f3 {[%clk 1:32:38]} b5 {[%clk 1:30:52]} 8. Qd2
{[%clk 1:30:19]} b4 {[%clk 1:30:33]} 9. Nce2 {[%clk 1:27:55]} e5 {[%clk
1:30:48]} 10. Nf5 {[%clk 1:22:29]} d5 {[%clk 1:30:17]} 11. Rd1 {[%clk 1:10:15]}
d4 {[%clk 1:21:44]} 12. c3 {[%clk 1:03:45]} bxc3 {[%clk 1:21:54]} 13. bxc3
{[%clk 1:04:02]} Qa5 {[%clk 1:22:10]} 14. Bg5 {[%clk 0:55:50]} Bxf5 {[%clk
1:18:10]} 15. Bxf6 {[%clk 0:55:28]} Be6 {[%clk 1:17:39]} 16. Bh4 {[%clk
0:53:59]} Nd7 {[%clk 1:15:14]} 17. Kf2 {[%clk 0:49:05]} dxc3 {[%clk 1:12:40]}
18. Qxc3 {[%clk 0:47:34]} Qb6+ {[%clk 1:08:44]} 19. Kg3 {[%clk 0:47:16]} Bc5
{[%clk 1:07:10]} 20. Qe1 {[%clk 0:46:20]} g5 {[%clk 1:06:17]} 21. Bxg5 {[%clk
0:45:21]} Rg8 {[%clk 1:05:03]} 22. f4 {[%clk 0:44:44]} exf4+ {[%clk 1:04:59]}
23. Kf3 {[%clk 0:44:03]} Ne5+ {[%clk 1:03:38]} 24. Kxf4 {[%clk 0:44:06]} Be3+
{[%clk 1:04:02]} 0-1

[Event "DVM U12 2017"]
[Site "Magdeburg GER"]
[Date "2017.12.27"]
[Round "1"]
[White "von Krosigk, Florian"]
[Black "Herter, Arne"]
[Result "1-0"]
[Termination "normal"]
[Board "1.2"]
[WhiteElo "1671"]
[BlackElo "1342"]
[WhiteClock "00:59:33"]
[BlackClock "00:46:22"]
[WhiteTeam "Hamburger SK"]
[BlackTeam "USC Magdeburg"]
[PlyCount "105"]
[WhiteFideId "16227808"]
[BlackFideId "16255372"]
[EventCountry "GER"]
[EventRounds "7"]
[EventType "team-swiss"]
[EventDate "2017.12.26"]

1. e4 {[%clk 1:30:57]} b6 {[%clk 1:30:51]} 2. d4 {[%clk 1:29:23]} Bb7 {[%clk
1:31:06]} 3. Nc3 {[%clk 1:29:22]} e6 {[%clk 1:31:19]} 4. Nf3 {[%clk 1:26:33]}
Bb4 {[%clk 1:30:54]} 5. Bd3 {[%clk 1:26:28]} Nf6 {[%clk 1:30:52]} 6. Qe2 {[%clk
1:25:48]} d5 {[%clk 1:30:11]} 7. e5 {[%clk 1:19:26]} Ne4 {[%clk 1:27:01]} 8.
Bd2 {[%clk 1:18:29]} Nxd2 {[%clk 1:26:28]} 9. Qxd2 {[%clk 1:17:47]} Ba6 {[%clk
1:26:00]} 10. O-O {[%clk 1:16:03]} O-O {[%clk 1:24:56]} 11. Rfc1 {[%clk
1:11:17]} Qe7 {[%clk 1:23:07]} 12. a3 {[%clk 1:04:51]} Bxc3 {[%clk 1:21:14]}
13. Qxc3 {[%clk 1:02:28]} Bxd3 14. cxd3 {[%clk 1:02:28]} Rc8 {[%clk 1:19:33]}
15. b4 {[%clk 1:02:29]} Nd7 {[%clk 1:19:02]} 16. b5 {[%clk 1:01:38]} a6 {[%clk
1:16:53]} 17. a4 {[%clk 1:01:38]} Ra7 {[%clk 1:15:16]} 18. h3 {[%clk 0:57:38]}
c5 {[%clk 1:14:08]} 19. bxc6 {[%clk 0:57:53]} Nb8 {[%clk 1:10:34]} 20. Qb2
{[%clk 0:54:04]} Qd8 {[%clk 1:09:26]} 21. Rab1 {[%clk 0:53:43]} Nxc6 {[%clk
0:59:08]} 22. Qxb6 {[%clk 0:53:24]} Qd7 {[%clk 0:59:19]} 23. Rxc6 {[%clk
0:53:13]} Rxc6 {[%clk 0:57:55]} 24. Qxc6 {[%clk 0:53:37]} h6 {[%clk 0:54:37]}
25. Qxd7 {[%clk 0:54:00]} Rxd7 {[%clk 0:54:41]} 26. Rb8+ {[%clk 0:54:13]} Kh7
{[%clk 0:54:58]} 27. Ra8 {[%clk 0:54:02]} Rb7 {[%clk 0:54:49]} 28. Rxa6 {[%clk
0:54:06]} Rb3 {[%clk 0:54:53]} 29. a5 {[%clk 0:54:08]} Rxd3 {[%clk 0:54:43]}
30. Rb6 {[%clk 0:54:04]} Ra3 {[%clk 0:54:44]} 31. a6 {[%clk 0:54:31]} Kg6
{[%clk 0:53:29]} 32. Nd2 {[%clk 0:53:14]} Ra1+ {[%clk 0:50:04]} 33. Kh2 {[%clk
0:53:40]} Ra2 {[%clk 0:50:18]} 34. Nb3 {[%clk 0:54:04]} Ra4 {[%clk 0:49:01]}
35. Nc5 {[%clk 0:54:12]} Ra5 {[%clk 0:47:40]} 36. Rb4 {[%clk 0:54:37]} Kf5
{[%clk 0:46:02]} 37. Ra4 {[%clk 0:54:56]} Rxa6 {[%clk 0:46:12]} 38. Rxa6 {[%clk
0:55:20]} f6 {[%clk 0:46:21]} 39. Rxe6 {[%clk 0:55:47]} h5 {[%clk 0:46:10]} 40.
exf6 {[%clk 0:55:53]} gxf6 {[%clk 0:46:19]} 41. Rd6 {[%clk 0:56:01]} Kg6 {[%clk
0:45:26]} 42. Rxd5 {[%clk 0:56:21]} Kf7 {[%clk 0:45:46]} 43. Rxh5 {[%clk
0:56:42]} Ke7 {[%clk 0:45:57]} 44. d5 {[%clk 0:57:06]} Kd6 {[%clk 0:45:47]} 45.
Nb7+ {[%clk 0:56:40]} Kc7 {[%clk 0:45:38]} 46. Rh7+ {[%clk 0:57:05]} Kb6 {[%clk
0:45:19]} 47. d6 {[%clk 0:57:26]} Kc6 {[%clk 0:45:36]} 48. d7 {[%clk 0:57:52]}
Kd5 {[%clk 0:45:57]} 49. d8=Q+ {[%clk 0:58:18]} Ke5 {[%clk 0:46:08]} 50. Rh5+
{[%clk 0:58:36]} Ke6 {[%clk 0:45:49]} 51. Qd6+ {[%clk 0:58:38]} Kf7 {[%clk
0:46:04]} 52. Qd7+ {[%clk 0:59:07]} Kg6 {[%clk 0:46:22]} 53. Qh7# {[%clk
0:59:33]} 1-0

[Event "DVM U12 2017"]
[Site "Magdeburg GER"]
[Date "2017.12.27"]
[Round "1"]
[White "Schiffner, Robin"]
[Black "Garner, Isaac"]
[Result "0-1"]
[Termination "normal"]
[Board "1.3"]
[WhiteElo "1382"]
[BlackElo "1703"]
[WhiteClock "00:23:00"]
[BlackClock "01:21:39"]
[WhiteTeam "USC Magdeburg"]
[BlackTeam "Hamburger SK"]
[PlyCount "76"]
[WhiteFideId "16210328"]
[BlackFideId "16239261"]
[EventCountry "GER"]
[EventRounds "7"]
[EventType "team-swiss"]
[EventDate "2017.12.26"]

1. e4 c5 2. Nf3 Nc6 3. d4 cxd4 4. Nxd4 Nf6 5. Nc3 e5 6. Nb3 Bb4 7. f3 d5 8. Bd2
dxe4 9. Nxe4 Nxe4 10. fxe4 Qh4+ 11. g3 Qxe4+ 12. Kf2 Qxh1 13. Qh5 Qd5 14. Be3
Qe6 15. Qe2 Qg4 16. Qb5 e4 17. Kg1 Qf5 18. Qe2 Qf3 19. Qxf3 exf3 20. c3 Bd6 21.
Re1 O-O 22. Bc4 Ne5 23. Bd5 Be6 24. Bxb7 Rab8 25. Ba6 Bxb3 26. axb3 Rxb3 27.
Bxa7 Rxb2 28. Bf1 Ng4 29. Rd1 Be5 30. Bc5 Ra8 31. c4 g6 32. h3 Nf6 33. Bf2 Raa2
34. Be3 Ne4 35. Rd3 Nxg3 36. Bd2 Rxd2 37. Rxd2 Rxd2 38. c5 Bd4# 0-1

[Event "DVM U12 2017"]
[Site "Magdeburg GER"]
[Date "2017.12.27"]
[Round "1"]
[White "Blome, Johannes"]
[Black "Hostmann, Henning"]
[Result "1-0"]
[Termination "normal"]
[Board "1.4"]
[WhiteElo "1683"]
[BlackElo "1079"]
[WhiteClock "00:57:07"]
[BlackClock "01:11:40"]
[WhiteTeam "Hamburger SK"]
[BlackTeam "USC Magdeburg"]
[PlyCount "49"]
[WhiteFideId "16233972"]
[BlackFideId "16255380"]
[EventCountry "GER"]
[EventRounds "7"]
[EventType "team-swiss"]
[EventDate "2017.12.26"]

1. e4 {[%clk 1:30:57]} e5 {[%clk 1:30:56]} 2. Nf3 {[%clk 1:31:19]} Nc6 {[%clk
1:31:01]} 3. Bc4 {[%clk 1:31:14]} Bc5 {[%clk 1:30:57]} 4. c3 {[%clk 1:30:56]}
Nf6 {[%clk 1:30:47]} 5. d3 {[%clk 1:31:08]} d6 {[%clk 1:29:21]} 6. b4 {[%clk
1:31:20]} Bb6 {[%clk 1:28:38]} 7. a4 {[%clk 1:31:11]} a6 8. a5 Ba7 {[%clk
1:26:10]} 9. Qb3 {[%clk 1:29:40]} O-O {[%clk 1:26:10]} 10. O-O {[%clk 1:29:54]}
Nh5 {[%clk 1:25:14]} 11. Bg5 {[%clk 1:27:52]} Qe8 12. Be3 Kh8 {[%clk 1:22:12]}
13. Ng5 {[%clk 1:23:48]} Nd8 {[%clk 1:19:59]} 14. Bxa7 {[%clk 1:13:41]} Rxa7
{[%clk 1:20:17]} 15. Qd1 {[%clk 1:12:58]} f6 {[%clk 1:19:00]} 16. Nf7+ {[%clk
1:05:55]} Nxf7 17. Qxh5 g6 {[%clk 1:17:24]} 18. Qf3 {[%clk 1:05:17]} Ng5 19.
Qe3 Ra8 20. f4 exf4 {[%clk 1:14:27]} 21. Rxf4 {[%clk 1:04:48]} Be6 {[%clk
1:13:29]} 22. Nd2 {[%clk 0:58:43]} Bf5 {[%clk 1:13:29]} 23. Qd4 {[%clk
0:57:12]} Be6 {[%clk 1:11:40]} 24. Rxf6 {[%clk 0:57:07]} Bxc4 25. Rxf8# 1-0

[Event "DVM U12 2017"]
[Site "Magdeburg GER"]
[Date "2017.12.27"]
[Round "1"]
[White "Zeuner, Ole"]
[Black "Wiedersich, Hendryk"]
[Result "1/2-1/2"]
[Termination "normal"]
[Board "2.1"]
[WhiteElo "1848"]
[BlackElo "1447"]
[WhiteClock "00:21:20"]
[BlackClock "00:58:02"]
[WhiteTeam "Schachzwerge Magdeburg"]
[BlackTeam "SV Dresden-Leuben"]
[PlyCount "45"]
[WhiteFideId "12943576"]
[BlackFideId "16255399"]
[EventCountry "GER"]
[EventRounds "7"]
[EventType "team-swiss"]
[EventDate "2017.12.26"]

1. e4 {[%clk 1:30:56]} e6 {[%clk 1:30:34]} 2. d4 {[%clk 1:31:03]} d5 {[%clk
1:30:56]} 3. Nd2 {[%clk 1:30:44]} Nf6 {[%clk 1:30:51]} 4. e5 {[%clk 1:31:07]}
Nfd7 {[%clk 1:30:58]} 5. Bd3 {[%clk 1:31:14]} c5 {[%clk 1:30:48]} 6. c3 {[%clk
1:31:38]} Qb6 {[%clk 1:30:28]} 7. Ne2 {[%clk 1:31:06]} Nc6 {[%clk 1:29:29]} 8.
Nf3 {[%clk 1:31:15]} Be7 {[%clk 1:28:01]} 9. O-O {[%clk 1:29:42]} f6 {[%clk
1:26:34]} 10. exf6 {[%clk 1:24:43]} Nxf6 {[%clk 1:25:23]} 11. Re1 {[%clk
1:18:21]} O-O {[%clk 1:25:21]} 12. Nf4 {[%clk 1:16:31]} Na5 {[%clk 1:24:43]}
13. Ng5 {[%clk 1:14:24]} cxd4 {[%clk 1:23:05]} 14. cxd4 {[%clk 1:13:25]} Bb4
{[%clk 1:23:21]} 15. Qc2 {[%clk 1:08:14]} g6 {[%clk 1:17:36]} 16. Bxg6 {[%clk
0:51:50]} Bxe1 {[%clk 1:11:03]} 17. Bxh7+ {[%clk 0:52:04]} Kh8 {[%clk 1:11:20]}
18. Qg6 {[%clk 0:47:27]} Qxd4 {[%clk 1:07:40]} 19. Be3 {[%clk 0:45:34]} Bxf2+
{[%clk 1:06:35]} 20. Bxf2 {[%clk 0:34:48]} Qxf4 {[%clk 1:05:23]} 21. Bc5 {[%clk
0:21:20]} Ng4 {[%clk 0:58:02]} 22. Bxf8 Qe3+ 23. Kh1 1/2-1/2

[Event "DVM U12 2017"]
[Site "Magdeburg GER"]
[Date "2017.12.27"]
[Round "1"]
[White "Phan Trong, Dai"]
[Black "Morgenstern, Tobias"]
[Result "0-1"]
[Termination "normal"]
[Board "2.2"]
[WhiteElo "1587"]
[BlackElo "1766"]
[WhiteClock "01:02:50"]
[BlackClock "00:39:57"]
[WhiteTeam "SV Dresden-Leuben"]
[BlackTeam "Schachzwerge Magdeburg"]
[PlyCount "48"]
[WhiteFideId "16236939"]
[BlackFideId "12974390"]
[EventCountry "GER"]
[EventRounds "7"]
[EventType "team-swiss"]
[EventDate "2017.12.26"]

1. c4 e5 2. Nc3 g6 3. g3 Bg7 4. Bg2 d6 5. d3 c6 6. e4 Ne7 7. Nge2 O-O 8. O-O
Be6 9. f4 f5 10. Be3 Nd7 11. Qd2 Nf6 12. Rad1 Ng4 13. fxe5 Nxe3 14. Qxe3 dxe5
15. b3 Kh8 16. Kh1 Qc7 17. Rc1 Qa5 18. Na4 b6 19. d4 Rad8 20. d5 Bf7 21. Qg5
Ng8 22. Qh4 Qd2 23. Nac3 g5 24. Qh3 g4 0-1

[Event "DVM U12 2017"]
[Site "Magdeburg GER"]
[Date "2017.12.27"]
[Round "1"]
[White "Joppich, Til"]
[Black "Hentschel, Lena"]
[Result "1-0"]
[Termination "normal"]
[Board "2.3"]
[WhiteElo "1758"]
[BlackElo "1449"]
[WhiteClock "00:46:24"]
[BlackClock "00:07:48"]
[WhiteTeam "Schachzwerge Magdeburg"]
[BlackTeam "SV Dresden-Leuben"]
[PlyCount "69"]
[WhiteFideId "16232917"]
[BlackFideId "16240324"]
[EventCountry "GER"]
[EventRounds "7"]
[EventType "team-swiss"]
[EventDate "2017.12.26"]

1. e4 {[%clk 1:30:58]} e5 {[%clk 1:30:55]} 2. Nf3 {[%clk 1:31:23]} Nc6 {[%clk
1:31:20]} 3. Bc4 {[%clk 1:31:43]} Bc5 {[%clk 1:31:35]} 4. c3 {[%clk 1:32:09]}
Bb6 {[%clk 1:30:14]} 5. O-O {[%clk 1:09:34]} Nf6 {[%clk 1:26:18]} 6. d3 {[%clk
1:09:57]} h6 {[%clk 1:25:37]} 7. a4 {[%clk 1:09:31]} d6 {[%clk 1:22:08]} 8. Na3
{[%clk 1:09:08]} a6 {[%clk 1:20:54]} 9. Nc2 {[%clk 1:09:28]} Bg4 {[%clk
1:14:53]} 10. Be3 {[%clk 1:06:52]} Ba7 {[%clk 1:08:44]} 11. Bxa7 Rxa7 {[%clk
1:08:23]} 12. Ne3 {[%clk 1:07:34]} O-O {[%clk 1:05:08]} 13. h3 {[%clk 1:07:48]}
Be6 {[%clk 1:03:43]} 14. Ba2 {[%clk 1:07:54]} Qd7 {[%clk 1:00:11]} 15. Nh4
{[%clk 0:59:39]} d5 {[%clk 0:48:24]} 16. Qf3 {[%clk 0:49:59]} dxe4 {[%clk
0:41:37]} 17. dxe4 {[%clk 0:50:23]} Bxa2 {[%clk 0:39:23]} 18. Rxa2 {[%clk
0:50:47]} Qd3 {[%clk 0:36:32]} 19. Nhf5 {[%clk 0:50:03]} Qxe4 {[%clk 0:31:01]}
20. Nxh6+ {[%clk 0:41:34]} gxh6 {[%clk 0:29:05]} 21. Qxf6 {[%clk 0:41:59]} Kh7
{[%clk 0:22:53]} 22. Nf5 {[%clk 0:42:07]} Qxf5 {[%clk 0:19:14]} 23. Qxf5+
{[%clk 0:42:14]} Kg7 {[%clk 0:19:17]} 24. f4 {[%clk 0:42:39]} exf4 {[%clk
0:18:30]} 25. Rxf4 {[%clk 0:43:04]} Ne7 {[%clk 0:17:46]} 26. Qf6+ {[%clk
0:43:23]} Kh7 {[%clk 0:15:09]} 27. Qxe7 {[%clk 0:43:30]} Raa8 {[%clk 0:13:59]}
28. Rg4 {[%clk 0:43:56]} Rac8 {[%clk 0:10:22]} 29. Qf6 {[%clk 0:44:23]} Rg8
{[%clk 0:10:25]} 30. Qxf7+ {[%clk 0:44:31]} Kh8 {[%clk 0:10:38]} 31. Rh4 {[%clk
0:44:59]} Rxg2+ {[%clk 0:08:12]} 32. Kxg2 {[%clk 0:45:13]} Rg8+ {[%clk
0:08:20]} 33. Kh2 {[%clk 0:45:33]} Rg2+ {[%clk 0:07:30]} 34. Kxg2 {[%clk
0:45:59]} h5 {[%clk 0:07:48]} 35. Rxh5# {[%clk 0:46:24]} 1-0

[Event "DVM U12 2017"]
[Site "Magdeburg GER"]
[Date "2017.12.27"]
[Round "1"]
[White "von Rechenberg, Johannes Paul"]
[Black "Khanbekyan, Areg"]
[Result "0-1"]
[Termination "normal"]
[Board "2.4"]
[WhiteElo "1243"]
[BlackElo "1597"]
[WhiteClock "00:26:07"]
[BlackClock "00:34:36"]
[WhiteTeam "SV Dresden-Leuben"]
[BlackTeam "Schachzwerge Magdeburg"]
[PlyCount "110"]
[WhiteFideId "16224892"]
[BlackFideId "12993727"]
[EventCountry "GER"]
[EventRounds "7"]
[EventType "team-swiss"]
[EventDate "2017.12.26"]

1. e4 {[%clk 1:30:57]} c5 {[%clk 1:30:37]} 2. Nf3 {[%clk 1:30:48]} d6 {[%clk
1:30:41]} 3. h3 {[%clk 1:30:38]} Nf6 {[%clk 1:30:28]} 4. Nc3 {[%clk 1:30:17]}
g6 {[%clk 1:30:22]} 5. Bc4 {[%clk 1:30:06]} Bg7 {[%clk 1:29:44]} 6. d3 {[%clk
1:29:57]} O-O {[%clk 1:29:04]} 7. O-O {[%clk 1:30:08]} Nc6 {[%clk 1:28:35]} 8.
Bg5 {[%clk 1:29:31]} Bd7 {[%clk 1:26:39]} 9. Re1 {[%clk 1:28:27]} h6 {[%clk
1:20:42]} 10. Bh4 {[%clk 1:25:26]} a6 {[%clk 1:18:51]} 11. Qd2 {[%clk 1:17:22]}
b5 {[%clk 1:14:11]} 12. Bd5 {[%clk 1:15:18]} e6 {[%clk 1:13:58]} 13. Bxc6
{[%clk 1:13:47]} Bxc6 {[%clk 1:12:17]} 14. e5 {[%clk 1:06:30]} dxe5 {[%clk
1:11:49]} 15. Nxe5 {[%clk 1:06:27]} Bb7 {[%clk 1:11:29]} 16. Ng4 {[%clk
1:04:20]} g5 {[%clk 1:08:09]} 17. Nxf6+ {[%clk 1:04:30]} Bxf6 {[%clk 1:05:47]}
18. Bg3 {[%clk 1:04:10]} b4 {[%clk 1:05:35]} 19. Nd1 {[%clk 1:02:45]} a5 {[%clk
1:01:06]} 20. Rb1 {[%clk 1:01:41]} c4 {[%clk 1:00:14]} 21. Be5 {[%clk 0:53:29]}
Qd5 {[%clk 0:57:27]} 22. Ne3 {[%clk 0:51:14]} Qxe5 {[%clk 0:56:13]} 23. Nxc4
{[%clk 0:51:25]} Qd5 {[%clk 0:55:56]} 24. f3 {[%clk 0:50:50]} Qc5+ {[%clk
0:54:32]} 25. Kh1 {[%clk 0:50:26]} Rfd8 {[%clk 0:53:34]} 26. b3 {[%clk
0:46:21]} a4 {[%clk 0:45:59]} 27. Qe2 {[%clk 0:43:24]} axb3 {[%clk 0:46:07]}
28. axb3 {[%clk 0:43:39]} Ra2 {[%clk 0:45:00]} 29. Qd1 {[%clk 0:41:22]} Rda8
{[%clk 0:40:48]} 30. Ne3 {[%clk 0:29:30]} Ra1 {[%clk 0:38:20]} 31. Rxa1 {[%clk
0:26:22]} Rxa1 {[%clk 0:38:45]} 32. Qe2 {[%clk 0:26:30]} Rxe1+ 33. Qxe1 {[%clk
0:26:40]} Bd4 {[%clk 0:35:39]} 34. Nc4 {[%clk 0:26:50]} Bd5 {[%clk 0:31:23]}
35. Qg3 {[%clk 0:25:25]} Bxc4 {[%clk 0:31:23]} 36. dxc4 {[%clk 0:25:43]} Be5
{[%clk 0:31:04]} 37. Qg4 {[%clk 0:25:03]} Qf2 {[%clk 0:30:52]} 38. f4 {[%clk
0:23:46]} Qf1+ {[%clk 0:30:05]} 39. Kh2 {[%clk 0:23:54]} Bxf4+ {[%clk 0:30:30]}
40. g3 {[%clk 0:23:42]} Qf2+ {[%clk 0:30:51]} 41. Kh1 {[%clk 0:23:26]} Bxg3
{[%clk 0:31:05]} 42. Qxg3 {[%clk 0:23:03]} Qxg3 {[%clk 0:31:30]} 43. c5 {[%clk
0:23:14]} Qf3+ {[%clk 0:31:17]} 44. Kg1 {[%clk 0:23:23]} e5 {[%clk 0:31:17]}
45. c6 {[%clk 0:23:17]} Qxc6 {[%clk 0:31:37]} 46. Kf2 {[%clk 0:23:37]} Qxc2+
{[%clk 0:31:49]} 47. Ke3 {[%clk 0:23:56]} f5 {[%clk 0:31:40]} 48. Kf3 {[%clk
0:24:06]} Qe4+ {[%clk 0:32:04]} 49. Kg3 {[%clk 0:24:12]} Qf4+ {[%clk 0:32:27]}
50. Kg2 {[%clk 0:24:35]} Qe3 {[%clk 0:32:44]} 51. Kh2 {[%clk 0:24:49]} Qf3
{[%clk 0:32:58]} 52. Kg1 {[%clk 0:25:09]} Qe2 {[%clk 0:33:24]} 53. Kh1 {[%clk
0:25:21]} f4 {[%clk 0:33:47]} 54. Kg1 {[%clk 0:25:41]} f3 {[%clk 0:34:11]} 55.
Kh1 {[%clk 0:26:07]} Qg2# {[%clk 0:34:36]} 0-1

[Event "DVM U12 2017"]
[Site "Magdeburg GER"]
[Date "2017.12.27"]
[Round "1"]
[White "Kalina, Lena"]
[Black "Felten, Maximilian"]
[Result "0-1"]
[Termination "normal"]
[Board "3.1"]
[WhiteElo "1440"]
[BlackElo "1811"]
[WhiteClock "00:03:03"]
[BlackClock "01:07:36"]
[WhiteTeam "SC Landskrone"]
[BlackTeam "SG Trier"]
[PlyCount "92"]
[WhiteFideId "12988014"]
[BlackFideId "4004949"]
[EventCountry "GER"]
[EventRounds "7"]
[EventType "team-swiss"]
[EventDate "2017.12.26"]

1. d4 {[%clk 1:30:58]} d5 {[%clk 1:30:46]} 2. Nf3 {[%clk 1:31:19]} Nf6 {[%clk
1:31:04]} 3. c4 {[%clk 1:31:39]} e6 {[%clk 1:31:14]} 4. Nc3 {[%clk 1:31:34]} c6
{[%clk 1:31:24]} 5. cxd5 {[%clk 1:31:53]} exd5 {[%clk 1:31:42]} 6. Bg5 {[%clk
1:31:35]} Be7 {[%clk 1:31:41]} 7. Qc2 {[%clk 1:31:12]} Nbd7 {[%clk 1:29:49]} 8.
e3 {[%clk 1:30:35]} h6 {[%clk 1:28:42]} 9. Bxf6 {[%clk 1:30:24]} Nxf6 {[%clk
1:28:31]} 10. Bd3 {[%clk 1:29:49]} Be6 {[%clk 1:27:32]} 11. O-O {[%clk
1:28:57]} O-O {[%clk 1:27:41]} 12. Rab1 {[%clk 1:28:25]} Bg4 {[%clk 1:27:19]}
13. Ne5 {[%clk 1:27:09]} Bd6 {[%clk 1:26:02]} 14. h3 {[%clk 1:23:58]} Bd7
{[%clk 1:25:53]} 15. Nf3 {[%clk 1:22:12]} Qe7 {[%clk 1:24:13]} 16. a3 {[%clk
1:15:47]} Rae8 {[%clk 1:22:42]} 17. Na2 {[%clk 1:11:43]} Ne4 {[%clk 1:22:26]}
18. b4 {[%clk 1:08:51]} f5 {[%clk 1:21:21]} 19. a4 {[%clk 1:01:53]} Ng5 {[%clk
1:18:59]} 20. Nd2 {[%clk 0:50:49]} Qf6 {[%clk 1:18:31]} 21. b5 {[%clk 0:48:31]}
Qg6 {[%clk 1:18:11]} 22. h4 {[%clk 0:43:36]} Qh5 {[%clk 1:17:24]} 23. g3 {[%clk
0:41:40]} Ne4 {[%clk 1:17:06]} 24. Nxe4 {[%clk 0:39:47]} fxe4 {[%clk 1:16:46]}
25. Be2 {[%clk 0:38:05]} Qg6 {[%clk 1:15:04]} 26. Kg2 {[%clk 0:35:17]} Qf5
{[%clk 1:14:42]} 27. g4 {[%clk 0:31:38]} Qg6 {[%clk 1:14:40]} 28. Kh3 {[%clk
0:29:37]} h5 {[%clk 1:13:27]} 29. f3 {[%clk 0:24:52]} Qe6 {[%clk 1:09:56]} 30.
f4 {[%clk 0:21:02]} hxg4+ {[%clk 1:09:58]} 31. Kg3 {[%clk 0:19:46]} cxb5 {[%clk
1:09:59]} 32. Bxb5 {[%clk 0:18:46]} Bxb5 {[%clk 1:10:00]} 33. Rxb5 {[%clk
0:17:27]} b6 {[%clk 1:09:26]} 34. Qe2 {[%clk 0:15:09]} Rf6 {[%clk 1:08:46]} 35.
Nc3 {[%clk 0:13:24]} Rh6 {[%clk 1:08:24]} 36. Qh2 {[%clk 0:10:38]} Rc8 {[%clk
1:07:55]} 37. Ne2 {[%clk 0:08:58]} Rc2 {[%clk 1:07:39]} 38. Rc1 {[%clk
0:08:19]} Rxc1 {[%clk 1:07:42]} 39. Nxc1 {[%clk 0:08:34]} Be7 {[%clk 1:07:53]}
40. h5 {[%clk 0:07:58]} Qf5 {[%clk 1:07:51]} 41. Rb2 {[%clk 0:05:47]} Rxh5
{[%clk 1:07:43]} 42. Qe2 {[%clk 0:04:19]} Rh3+ {[%clk 1:07:12]} 43. Kg2 {[%clk
0:04:29]} Qh5 {[%clk 1:07:04]} 44. Qd1 {[%clk 0:02:23]} Rh2+ {[%clk 1:07:20]}
45. Kf1 {[%clk 0:02:44]} Rh1+ {[%clk 1:07:36]} 46. Ke2 {[%clk 0:03:03]} Qh2#
0-1

[Event "DVM U12 2017"]
[Site "Magdeburg GER"]
[Date "2017.12.27"]
[Round "1"]
[White "Metzdorf, Matteo"]
[Black "Müller, Maurice-Pascal"]
[Result "1-0"]
[Termination "normal"]
[Board "3.2"]
[WhiteElo "1711"]
[BlackElo "1403"]
[WhiteTeam "SG Trier"]
[BlackTeam "SC Landskrone"]
[PlyCount "85"]
[WhiteFideId "16209869"]
[BlackFideId "16243340"]
[EventCountry "GER"]
[EventRounds "7"]
[EventType "team-swiss"]
[EventDate "2017.12.26"]

1. e4 c5 2. Nc3 Nc6 3. g3 g6 4. d3 Bg7 5. Bg2 d6 6. Be3 e6 7. Qd2 Nd4 8. f4 Ne7
9. Nf3 Rb8 10. O-O b5 11. Rab1 b4 12. Ne2 Nec6 13. Nc1 Qa5 14. Qf2 O-O 15. Nb3
Nxb3 16. axb3 Bd7 17. e5 dxe5 18. Bxc5 Rfc8 19. Bd6 Rb7 20. fxe5 Be8 21. d4 Ne7
22. Ng5 Nd5 23. Ne4 Rd7 24. Nc5 Qd8 25. Nxd7 Qxd7 26. Ra1 Bh6 27. Rfe1 Ne7 28.
g4 Nc6 29. Ra6 Bf8 30. Bxf8 Kxf8 31. Re4 Qb7 32. Ra1 Rd8 33. Rd1 Qa6 34. Bf1
Qa2 35. Bc4 Qxb2 36. Bxe6 Rb8 37. Bc4 Nd8 38. e6 Rb7 39. Qf6 Qxc2 40. e7+ Kg8
41. exd8=Q Qxd1+ 42. Qf1 Qxf1+ 43. Kxf1 1-0